[Event "Tourn. n7780"]
[Site "www.chess-mail.com"]
[Date "2015.01.20"]
[Round "1"]
[White "Merlino23"]
[Black "Pgcbies"]
[WhiteElo "2580"]
[BlackElo "2790"]
[Result "1-0"]
[Round "1"]
1.d4 Ng8f6
2.c4 e6
3.Nb1c3 Bf8b4
4.e3 O-O
5.Bf1d3 d5
6.Ng1f3 c5
7.O-O Nb8c6
8.a3 Bb4xc3
9.bxc3 b6
10.cxd5 exd5
11.Nf3e5 Bc8b7
12.Ne5xc6 Bb7xc6
13.a4 Rf8e8
14.f3 Qd8c7
15.Qd1e1 a6
16.Qe1e2 c4
17.Bd3c2 g6
18.Qe2f2 Re8e6
19.Qf2h4 Ra8e8
20.Rf1e1 h5
21.Bc1d2 Qc7d6
22.h3 Kg7
23.Ra1b1 Qd6c7
24.Rb1b2 a5
25.Re1f1 Qc7d7
26.Rf1a1 Qd7d8
27.Ra1b1 Nf6d7
28.Qh4xd8 Re8xd8
29.g4 Rd8h8
30.g5 Rh8e8
31.Kf2 Bc6b7
32.Ke2 Bb7c8
33.Rb1g1 Bc8b7
34.f4 Bb7c6
35.h4 Re8b8
36.f5 gxf5
37.Bc2xf5 Re6e7
38.Bf5c2 Rb8e8
39.Rg1f1 Re7e4
40.Bc2xe4 Re8xe4
41.Rf1f4 Bc6xa4
42.Rf4xe4 dxe4
43.Rb2b1 b5
44.Rb1f1 Kg6
45.Ke1 f6
46.Rf1g1 f5
47.d5 Nd7e5
48.Ke2 Ba4c2
49.Rg1a1 a4
50.Bd2e1 Ne5d7
51.Kd2 Bc2b3
52.Be1g3 Kf7
53.Bg3c7 Kg6
54.Bc7a5 Kf7
55.Ba5b4 { resign }
1-0

[Event "Tourn. n7961"]
[Site "www.chess-mail.com"]
[Date "2015.01.20"]
[Round "1"]
[White "Anja"]
[Black "Falcoale"]
[WhiteElo "1990"]
[BlackElo "1870"]
[Result "1-0"]
[Round "1"]
1.d4 Ng8f6
2.Bc1f4 b6
3.c4 Bc8b7
4.Nb1c3 e6
5.f3 Bf8b4
6.a3 Bb4xc3
7.bxc3 d6
8.e4 Nb8d7
9.Bf1d3 O-O
10.Ng1e2 e5
11.Bf4g5 h6
12.Bg5h4 Qd8e8
13.d5 g5
14.Bh4f2 Qe8c8
15.Ne2g3 Nd7c5
16.Ng3f5 Kh7
17.Bf2xc5 bxc5
18.Qd1d2 Qc8d7
19.h4 Nf6g8
20.hxg5 Bb7c8
21.Nf5xh6 Kg6
22.Nh6xg8 Rf8xg8
23.Kf2 Bc8b7
24.Rh1h6 Kg7
25.f4 Qd7g4
26.f5 Kf8
27.g3 Rg8xg5
28.Ra1g1 Kg7
29.Rh6h4 { resign }
1-0

[Event "Tourn. n8008"]
[Site "www.chess-mail.com"]
[Date "2015.01.20"]
[Round "1"]
[White "Krasin"]
[Black "Faerieking"]
[WhiteElo "2150"]
[BlackElo "2180"]
[Result "1-0"]
[Round "1"]
1.e4 e5
2.Ng1f3 f5
3.Bf1c4 fxe4
4.Nf3xe5 d5
5.Qd1h5 g6
6.Ne5xg6 hxg6
7.Qh5xg6 Kd7
8.Bc4xd5 Ng8f6
9.Nb1c3 Qd8e7
10.Qg6f7 Qe7xf7
11.Bd5xf7 Nb8c6
12.Bf7g6 Nc6d4
13.Nc3xe4 Nf6xe4
14.Bg6xe4 Bf8d6
15.c3 Nd4c6
16.d4 b6
17.Bc1g5 Bc8b7
18.Be4f5 Ke8
19.O-O-O Rh8xh2
20.Rh1xh2 Bd6xh2
21.Rd1h1 Bh2d6
22.Rh1h8 Kf7
23.Rh8xa8 Bb7xa8
24.Bf5e4 Ba8b7
25.Kd2 Nc6a5
26.Kd3 Bb7xe4
27.Kxe4 Kg6
28.Bg5c1 c6
29.g4 Na5b7
30.f4 Bd6c7
31.f5 Kf7
32.Bc1f4 Bc7xf4
33.Kxf4 Nb7d6
34.g5 Nd6e8
35.Ke5 a5
36.c4 Ke7
37.b3 { resign }
1-0

[Event "Tourn. n7981"]
[Site "www.chess-mail.com"]
[Date "2015.01.20"]
[Round "1"]
[White "Wings"]
[Black "Woodpusher2"]
[WhiteElo "2520"]
[BlackElo "2510"]
[Result "0-1"]
[Round "1"]
1.e4 c5
2.Nb1c3 a6
3.g3 b5
4.Bf1g2 Bc8b7
5.d3 e6
6.f4 Bf8e7
7.Ng1f3 b4
8.Nc3e2 d6
9.O-O Ng8f6
10.h3 O-O
11.Bc1e3 Nb8c6
12.c3 a5
13.Qd1d2 h6
14.g4 Nf6d7
15.Be3f2 Qd8c7
16.h4 d5
17.e5 Bb7a6
18.Ne2g3 c4
19.d4 f6
20.g5 f5
21.Bf2e3 a4
22.a3 bxa3
23.bxa3 Ra8b8
24.Rf1f2 Rb8b3
25.Bg2f1 Qc7a5
26.Ra1c1 Kh8
27.gxh6 gxh6
28.Rf2g2 Be7xa3
29.Rc1c2 Rf8g8
30.Nf3g5 hxg5
31.hxg5 Rg8g6
32.Qd2e2 Nd7f8
33.Rg2h2 Kg8
34.Ng3h5 Rb3xc3
35.Nh5f6 Kf7
36.Rh2h8 Rc3xc2
37.Qe2xc2 Qa5e1
38.Be3f2 Nc6xd4
39.Bf2xd4 c3
{ resign }
0-1

[Event "Tourn. n7789"]
[Site "www.chess-mail.com"]
[Date "2015.01.20"]
[Round "1"]
[White "Madz123456"]
[Black "Pgcbies"]
[WhiteElo "2350"]
[BlackElo "2780"]
[Result "0-1"]
[Round "1"]
1.e4 e5
2.Ng1f3 Nb8c6
3.Bf1b5 a6
4.Bb5a4 Ng8f6
5.O-O Bf8e7
6.Rf1e1 b5
7.Ba4b3 O-O
8.c3 d5
9.exd5 Nf6xd5
10.Nf3xe5 Nc6xe5
11.Re1xe5 c6
12.d4 Be7d6
13.Re5e1 Qd8h4
14.g3 Qh4h3
15.Re1e4 g5
16.Qd1f1 Qh3h5
17.Nb1d2 f5
18.Bb3d1 Qh5h6
19.Re4e1 f4
20.Nd2e4 Bd6c7
21.Bc1d2 Bc8f5
22.Ne4c5 Bf5h3
23.Qf1e2 f3
24.Qe2e4 Qh6h5
25.Bd1b3 Kh8
26.Bb3xd5 Bh3g4
27.Kh1 Ra8e8
28.Qe4d3 Bc7xg3
29.fxg3 Re8xe1
30.Ra1xe1 cxd5
31.Qd3e3 f2
32.Qe3e5 Kg8
33.Qe5xd5 Rf8f7
34.Re1e8 Kg7
35.Qd5e5 Rf7f6
36.Qe5xf6 Kxf6
37.Re8f8 Kg7
 { time }
0-1

[Event "Tourn. n7896"]
[Site "www.chess-mail.com"]
[Date "2015.01.20"]
[Round "1"]
[White "Xkafi"]
[Black "Cardiff"]
[WhiteElo "2070"]
[BlackElo "2020"]
[Result "1/2-1/2"]
[Round "1"]
1.e4 e6
2.d4 d5
3.exd5 exd5
4.a3 Ng8f6
5.Ng1f3 Bf8d6
6.Nb1c3 O-O
7.h3 Rf8e8
8.Bf1e2 c6
9.O-O Bc8f5
10.Nf3e5 Bd6xe5
11.dxe5 Re8xe5
12.Bc1f4 Re5e8
13.Qd1d4 Nb8d7
14.Ra1c1 Qd8b6
15.Qd4d2 Nd7c5
16.b4 Nc5e4
17.Nc3xe4 Nf6xe4
18.Qd2e1 Ne4c3
19.Qe1xc3 Re8xe2
20.Bf4e3 Qb6c7
21.Rf1e1 Re2xe1
22.Rc1xe1 a6
23.Be3c5 Bf5e6
24.Re1e5 b6
25.Bc5d4 Ra8c8
26.Qc3g3 g6
27.Qg3g5 c5
28.bxc5 bxc5
29.Bd4b2 d4
30.Qg5f6 Qc7d8
31.Qf6f4 Rc8b8
32.Qf4c1 Qd8b6
33.Bb2a1 Qb6b1
34.Re5e1 Qb1xc1
{ draw }
1/2-1/2

[Event "Tourn. n7777"]
[Site "www.chess-mail.com"]
[Date "2015.01.20"]
[Round "1"]
[White "Fractal"]
[Black "Naujzaid"]
[WhiteElo "1880"]
[BlackElo "1800"]
[Result "0-1"]
[Round "1"]
1.e4 c5
2.c3 d5
3.exd5 Qd8xd5
4.d4 Ng8f6
5.Ng1f3 Bc8g4
6.Bf1e2 e6
7.Bc1e3 cxd4
8.Be3xd4 Bf8e7
9.O-O O-O
10.Bd4xf6 Qd5xd1
11.Rf1xd1 Be7xf6
12.Rd1e1 Nb8c6
13.Nb1d2 Rf8d8
14.Nd2e4 Bf6e7
15.h3 Bg4h5
16.Ra1d1 h6
17.Rd1xd8 Ra8xd8
18.Re1d1 Rd8xd1
19.Be2xd1 Nc6e5
20.g4 Ne5xf3
21.Bd1xf3 Bh5g6
22.Ne4g3 b6
23.Bf3e4 Bg6xe4
24.Ng3xe4 Kf8
25.Kf1 Ke8
26.Ke2 Kd7
27.Kd3 Kc6
28.b3 a6
29.c4 a5
30.f4 f5
31.Ne4c3 g6
32.Nc3a4 Be7d6
33.Ke3 fxg4
34.hxg4 h5
35.gxh5 gxh5
36.Kf3 Bd6e7
 { time }
0-1

[Event "Tourn. n7980"]
[Site "www.chess-mail.com"]
[Date "2015.01.20"]
[Round "1"]
[White "Luban"]
[Black "Osopanda"]
[WhiteElo "2080"]
[BlackElo "1980"]
[Result "1-0"]
[Round "1"]
1.d4 Ng8f6
2.c4 g6
3.Ng1f3 Bf8g7
4.e3 d6
5.h3 O-O
6.Nb1c3 Nb8c6
7.Bf1e2 e5
8.d5 Nc6e7
9.e4 h6
10.O-O Nf6h7
11.Bc1e3 f5
12.exf5 gxf5
13.c5 f4
14.cxd6 cxd6
15.Be3d2 Bc8f5
16.Ra1c1 Ra8c8
17.b3 Ne7g6
18.Rf1e1 Nh7g5
19.Nf3xg5 Qd8xg5
20.Be2g4 Bf5xg4
21.Qd1xg4 Qg5xg4
22.hxg4 a6
23.f3 b5
24.Re1d1 Rf8f7
25.Nc3e4 Rc8xc1
26.Rd1xc1 Bg7f8
27.Rc1c6 Rf7a7
28.Ne4xd6 Ra7d7
29.Nd6e4 Rd7xd5
30.Ne4f6 Kg7
31.Nf6xd5 { resign }
1-0

[Event "Tourn. n8026"]
[Site "www.chess-mail.com"]
[Date "2015.01.20"]
[Round "1"]
[White "Krasin"]
[Black "Difficult"]
[WhiteElo "2230"]
[BlackElo "2020"]
[Result "1-0"]
[Round "1"]
1.e4 e6
2.d4 d5
3.Nb1c3 Bf8b4
4.e5 c5
5.a3 Bb4xc3
6.bxc3 Qd8c7
7.Ng1f3 b6
8.h4 Bc8a6
9.Bf1xa6 Nb8xa6
10.Rh1h3 Ng8e7
11.a4 O-O
12.Nf3g5 h6
13.Qd1d3 g6
14.Qd3xa6 hxg5
15.Qa6e2 gxh4
16.Bc1g5 Rf8c8
17.Qe2g4 Ne7f5
18.Bg5xh4 Nf5xh4
19.Qg4xh4 Kg7
20.Qh4f6 { resign }
1-0

[Event "Tourn. n7958"]
[Site "www.chess-mail.com"]
[Date "2015.01.20"]
[Round "1"]
[White "Krasin"]
[Black "Apoorva"]
[WhiteElo "2240"]
[BlackElo "2110"]
[Result "1-0"]
[Round "1"]
1.e4 c5
2.c3 d5
3.exd5 Qd8xd5
4.d4 cxd4
5.Ng1f3 e5
6.cxd4 Bf8b4
7.Nb1c3 e4
8.Nf3e5 Nb8c6
9.Ne5xc6 Qd5xc6
10.Qd1b3 Bb4xc3
11.bxc3 Bc8d7
12.Bf1c4 O-O-O
13.Bc1f4 f5
14.Ra1b1 Ng8f6
15.O-O Rh8e8
16.h3 Bd7e6
17.Bc4xe6 Re8xe6
18.Bf4g5 Rd8d7
19.Bg5xf6 Re6xf6
20.Qb3g8 Kc7
21.Qg8xh7 Rf6g6
22.Rb1b2 e3
23.fxe3 Rg6g3
24.Qh7xf5 Kc8
25.c4 Rg3xe3
26.d5 Qc6c5
27.Kh1 Re3c3
28.Rb2xb7 Kxb7
29.Qf5xd7 Ka6
30.Rf1b1 Rc3xc4
31.Qd7e6 Ka5
32.Qe6e1 Ka6
33.d6 Qc5xd6
34.Qe1e2 Qd6c5
35.Rb1c1 Kb5
36.Qe2e8 Ka5
37.Qe8d8 Ka6
38.Qd8d3 Kb5
39.Qd3b3 Qc5b4
40.a4 Kc5
41.Qb3e3 Kc6
42.Qe3e6 Kc5
43.Qe6e7 Kb6
44.Qe7e6 Kc5
45.Rc1d1 Rc4d4
46.Qe6e5 { resign }
1-0

[Event "Tourn. n7999"]
[Site "www.chess-mail.com"]
[Date "2015.01.20"]
[Round "1"]
[White "Osopanda"]
[Black "Luban"]
[WhiteElo "2020"]
[BlackElo "2130"]
[Result "0-1"]
[Round "1"]
1.c4 e6
2.e4 c5
3.Ng1f3 Nb8c6
4.d4 cxd4
5.Nf3xd4 Ng8f6
6.Nb1c3 Bf8b4
7.a3 Bb4xc3
8.bxc3 Nf6xe4
9.Qd1g4 Nc6xd4
10.cxd4 Qd8a5
11.Ke2 Qa5c3
12.Qg4xe4 Qc3xa1
13.Bc1e3 Qa1xa3
14.Kf3 O-O
15.g4 Qa3e7
16.h4 d6
17.Bf1d3 g6
18.h5 b6
19.hxg6 fxg6
20.Ke2 Bc8b7
21.d5 e5
22.Be3h6 Rf8f7
23.Rh1h2 a5
24.Bh6d2 a4
25.g5 a3
26.f4 exf4
27.Qe4xe7 Rf7xe7
28.Kf3 a2
{ resign }
0-1

[Event "Tourn. n8020"]
[Site "www.chess-mail.com"]
[Date "2015.01.20"]
[Round "1"]
[White "Difficult"]
[Black "Krasin"]
[WhiteElo "2020"]
[BlackElo "2190"]
[Result "1/2-1/2"]
[Round "1"]
1.c4 e5
2.Nb1c3 Nb8c6
3.Ng1f3 g5
4.h3 Bf8g7
5.d3 h6
6.Nc3d5 Ng8e7
7.e4 Ne7g6
8.g3 d6
9.Bf1g2 O-O
10.O-O f5
11.a3 g4
12.hxg4 fxg4
13.Nf3d2 Nc6d4
14.Nd2b3 Nd4f3
15.Kh1 Ng6h4
16.Nb3d2 Nh4xg2
17.Kxg2 c6
18.Nd5e3 Qd8e8
19.Rf1h1 Qe8f7
20.Nd2xf3 gxf3
21.Kg1 Qf7g6
22.Ne3f1 Bc8g4
23.Nf1h2 Bg4e6
24.Nh2xf3 Rf8xf3
25.Qd1xf3 Ra8f8
26.Qf3h5 Qg6xh5
27.Rh1xh5 Be6g4
28.Rh5h4 { draw }
1/2-1/2

[Event "Tourn. n7987"]
[Site "www.chess-mail.com"]
[Date "2015.01.20"]
[Round "1"]
[White "Pipas"]
[Black "Birdchess"]
[WhiteElo "1660"]
[BlackElo "1660"]
[Result "0-1"]
[Round "1"]
1.e4 e5
2.Bf1c4 Ng8f6
3.Nb1c3 Bf8c5
4.Qd1f3 O-O
5.Nc3d5 Nf6xd5
6.Bc4xd5 c6
7.Bd5c4 d6
8.Ng1e2 Qd8e7
9.h3 Bc8e6
10.Bc4xe6 fxe6
11.Qf3b3 Bc5xf2
12.Kd1 Nb8a6
13.Qb3xb7 Qe7xb7
14.c3 Bf2b6
15.d4 exd4
16.cxd4 d5
17.e5 Rf8f2
18.Ne2f4 Bb6xd4
19.Nf4xe6 Bd4xb2
20.Bc1xb2 Qb7xb2
{ resign }
0-1

[Event "Tourn. n7911"]
[Site "www.chess-mail.com"]
[Date "2015.01.20"]
[Round "1"]
[White "Echo314"]
[Black "Korto"]
[WhiteElo "2650"]
[BlackElo "2320"]
[Result "1-0"]
[Round "1"]
1.d4 Ng8f6
2.c4 g6
3.Ng1f3 d5
4.Nb1c3 dxc4
5.e4 Bf8g7
6.Bf1xc4 c5
7.e5 Nf6g4
8.h3 cxd4
9.hxg4 dxc3
10.Qd1xd8 Kxd8
11.Nf3g5 Rh8f8
12.bxc3 Bg7xe5
13.Bc1d2 f6
14.Ng5f7 Kc7
15.Nf7xe5 fxe5
16.Rh1xh7 Nb8c6
17.f3 Bc8d7
18.O-O-O Rf8f6
19.Bd2g5 Rf6d6
20.Bg5xe7 Rd6xd1
21.Kxd1 Nc6xe7
22.Rh7xe7 Kd6
23.Re7g7 Ra8c8
24.Rg7xg6 Ke7
25.Bc4b3 Rc8xc3
26.Rg6g7 Kd6
27.g5 Bd7e8
28.g6 e4
29.Rg7g8 exf3
30.gxf3 Rc3e3
31.g7 Re3e7
32.Rg8xe8 Re7xe8
33.g8Q Re8xg8
34.Bb3xg8 Ke5
35.Ke2 Kd4
36.Kf2 b5
37.Kg3 { resign }
1-0

[Event "Tourn. n7783"]
[Site "www.chess-mail.com"]
[Date "2015.01.20"]
[Round "1"]
[White "Fractal"]
[Black "Naujzaid"]
[WhiteElo "1890"]
[BlackElo "1830"]
[Result "0-1"]
[Round "1"]
1.e4 c5
2.c3 d5
3.exd5 Qd8xd5
4.d4 Ng8f6
5.dxc5 Qd5xc5
6.Bc1e3 Qc5c7
7.Bf1e2 e6
8.Ng1f3 Nb8c6
9.O-O Bf8e7
10.Nb1d2 O-O
11.Qd1b3 b6
12.Qb3c4 Bc8b7
13.Rf1e1 Ra8c8
14.Ra1d1 Rf8d8
15.Qc4b3 h6
16.Nf3d4 Nc6xd4
17.Be3xd4 Rd8d7
18.Nd2f3 Bb7d5
19.Qb3a4 Bd5c6
20.Be2b5 Bc6xb5
21.Qa4xb5 Rd7d5
22.Qb5e2 Rd5d8
23.Nf3e5 Be7c5
24.Bd4xc5 Qc7xc5
25.Ne5g4 Nf6xg4
26.Qe2xg4 Rd8d5
27.Rd1xd5 Qc5xd5
28.a3 Qd5d2
29.Qg4e2 Rc8d8
30.Qe2xd2 Rd8xd2
31.Re1b1 Kf8
32.g3 Ke7
33.Kf1 h5
 { time }
0-1

[Event "Tourn. n7959"]
[Site "www.chess-mail.com"]
[Date "2015.01.20"]
[Round "1"]
[White "Blackpool"]
[Black "Anja"]
[WhiteElo "1830"]
[BlackElo "2000"]
[Result "0-1"]
[Round "1"]
1.e4 Ng8f6
2.Nb1c3 d5
3.exd5 Nf6xd5
4.Bf1c4 e6
5.Qd1f3 c6
6.a3 Bf8e7
7.Bc4xd5 cxd5
8.d4 Nb8c6
9.Ng1e2 O-O
10.Bc1f4 Qd8b6
11.O-O-O Bc8d7
12.h4 Rf8c8
13.g4 Nc6a5
14.b4 Na5c4
15.Nc3b1 Bd7a4
16.Ne2c3 Nc4xa3
17.Nc3xa4 Rc8xc2
{ resign }
0-1

[Event "Match"]
[Site "www.echecsemail.com"]
[Date "2015.01.20"]
[Round "1"]
[White "Muller42"]
[Black "Supernovae"]
[WhiteElo "1809"]
[BlackElo "1769"]
[Result "1-0"]
[Round "1"]
1.e4 e5
2.Ng1f3 Nb8c6
3.Bf1b5 a6
4.Bb5a4 Ng8f6
5.O-O Bf8e7
6.Rf1e1 b5
7.Ba4b3 O-O
8.c3 d5
9.exd5 Nf6xd5
10.d4 exd4
11.Nf3xd4 Nc6xd4
12.Qd1xd4 Bc8b7
13.Qd4g4 Kh8
14.Nb1d2 Nd5f6
15.Qg4h3 Be7c5
16.Bb3c2 Rf8e8
17.Re1xe8 Qd8xe8
18.Kf1 Qe8c6
19.Nd2b3 Ra8e8
20.Bc1g5 h6
21.Bg5xf6 Qc6xf6
22.Nb3xc5 Qf6e5
23.Qh3d3 g6
24.Nc5xb7 Qe5xh2
25.Qd3h3 Qh2f4
26.Ra1e1 Re8xe1
27.Kxe1 Qf4c1
28.Bc2d1 Qc1xb2
29.Qh3xh6 Kg8
30.Qh6e3 Qb2xa2
31.Qe3e8 Kg7
32.Nb7d8 c5
33.Qe8e5 { resign }
1-0

[Event "Match"]
[Site "www.echecsemail.com"]
[Date "2015.01.20"]
[Round "1"]
[White "Holmjb"]
[Black "Amaya"]
[WhiteElo "2140"]
[BlackElo "1900"]
[Result "1-0"]
[Round "1"]
1.c4 Ng8f6
2.Nb1c3 g6
3.d4 Bf8g7
4.Ng1f3 O-O
5.g3 d6
6.Bf1g2 Bc8g4
7.O-O c6
8.h3 Bg4d7
9.e3 e6
10.b4 Nb8a6
11.a3 Na6c7
12.Bc1b2 d5
13.c5 a6
14.a4 Rf8e8
15.Rf1e1 Bd7c8
16.Qd1b3 Ra8b8
17.a5 Nf6d7
18.Nc3a4 e5
19.dxe5 Bg7xe5
20.Nf3xe5 Nd7xe5
21.Bb2xe5 Re8xe5
22.Na4b6 Qd8e8
23.Qb3b2 Bc8f5
24.Ra1d1 Bf5e4
25.Qb2d2 Be4xg2
26.Kxg2 Qe8e6
27.h4 Qe6g4
28.Qd2e2 Qg4xb4
29.Nb6d7 Rb8e8
30.Nd7xe5 Re8xe5
31.Rd1b1 Qb4xc5
32.Rb1xb7 Qc5xa5
33.Re1b1 Nc7b5
34.Qe2b2 f6
35.Rb1a1 Qa5c3
36.Qb2xc3 Nb5xc3
37.Ra1xa6 Re5e8
38.Ra6xc6 Nc3e4
39.Rc6c7 Ne4d6
40.Rc7g7 { resign }
1-0

[Event "Match"]
[Site "www.echecsemail.com"]
[Date "2015.01.20"]
[Round "1"]
[White "Ranjachess"]
[Black "Rindrandria"]
[WhiteElo "1550"]
[BlackElo "1540"]
[Result "1-0"]
[Round "1"]
1.e4 d6
2.h3 g6
3.d4 e6
4.Ng1f3 h6
5.d5 exd5
6.exd5 Ng8e7
7.Nb1c3 Bf8g7
8.Nf3d4 O-O
9.g4 Bg7xd4
10.Qd1xd4 c5
11.Qd4f6 Nb8d7
12.Qf6xd6 a6
13.Bc1xh6 Rf8e8
14.O-O-O Qd8a5
15.Qd6f4 b5
16.d6 b4
17.Bf1c4 Nd7e5
18.Qf4xe5 bxc3
19.Qe5g7 
1-0

[Event "Match"]
[Site "www.echecsemail.com"]
[Date "2015.01.20"]
[Round "1"]
[White "Joseph1983"]
[Black "Muller42"]
[WhiteElo "2100"]
[BlackElo "1809"]
[Result "0-1"]
[Round "1"]
1.d4 d5
2.c4 e6
3.e3 Ng8f6
4.Ng1f3 Nb8d7
5.Nb1c3 c6
6.Bf1d3 Bf8e7
7.O-O dxc4
8.Bd3xc4 b5
9.Bc4d3 Bc8b7
10.e4 O-O
11.a3 a5
12.e5 Nf6e8
13.Nc3e4 b4
14.axb4 axb4
15.Ra1xa8 Qd8xa8
16.Ne4g5 g6
17.Ng5e4 c5
18.Ne4xc5 Nd7xc5
19.dxc5 Be7xc5
20.Bd3e2 Ne8g7
21.Bc1g5 Ng7f5
22.Bg5f6 h5
23.Qd1d2 Kh7
24.Nf3g5 Kg8
25.Be2f3 Bb7xf3
26.Ng5xf3 Rf8c8
27.Rf1c1 Qa8a7
28.Rc1d1 Bc5e7
29.Bf6xe7 Nf5xe7
30.h3 Ne7d5
31.Qd2h6 Rc8c2
32.Nf3d4 Rc2xb2
33.Kh1 Rb2xf2
34.Nd4xe6 fxe6
35.Qh6xg6 Qa7g7
36.Qg6e8 Kh7
37.Qe8xh5 Qg7h6
{ resign }
0-1

[Event "Match"]
[Site "www.echecsemail.com"]
[Date "2015.01.20"]
[Round "1"]
[White "Generalfree"]
[Black "Maestro"]
[WhiteElo "1820"]
[BlackElo "2000"]
[Result "1-0"]
[Round "1"]
1.e4 c6
2.Nb1c3 d5
3.exd5 e5
4.dxc6 Nb8xc6
5.Ng1f3 Ng8f6
6.Qd1e2 Bc8g4
7.h3 Bg4xf3
8.Qe2xf3 Bf8c5
9.Bf1b5 O-O
10.Bb5xc6 bxc6
11.Qf3xc6 Ra8c8
12.Qc6a4 Nf6d5
13.Nc3xd5 Qd8xd5
14.O-O Bc5b6
15.d3 Qd5c6
16.Qa4xc6 Rc8xc6
17.c3 f5
18.Bc1e3 f4
19.Be3xb6 axb6
20.f3 g5
21.Rf1e1 Rf8e8
22.d4 Rc6e6
23.dxe5 Re6xe5
24.Re1xe5 Re8xe5
25.Kf2 Re5d5
26.Ra1e1 Kf7
27.b4 h5
28.g3 Rd5d2
29.Re1e2 Rd2d6
30.gxf4 gxf4
31.a4 Rd6c6
32.Re2e4 Rc6xc3
33.Re4xf4 Kg6
34.h4 Rc3a3
35.b5 Ra3b3
36.Rf4c4 Kf5
37.Kg3 Rb3b1
38.Kf2 Rb1a1
39.Rc4c6 Ra1xa4
40.Rc6xb6 Ra4b4
41.Kg3 Rb4b3
42.Rb6b8 Ke6
43.b6 Kf7
44.Kf4 Rb3b4
45.Kg5 Rb4b5
46.Kh6 Rb5f5
47.b7 Rf5b5
48.f4 Ke7
49.f5 Kd7
50.Kxh5 Rb5xf5
51.Kg6 Rf5b5
52.h5 Rb5b6
53.Kg7 Kc7
54.Rb8f8 Kxb7
55.h6 Rb6b1
56.Rf8f7 Kc6
57.Rf7f6 Kd7
58.h7 Rb1g1
59.Rf6g6 { resign }
1-0

[Event "Match"]
[Site "www.echecsemail.com"]
[Date "2015.01.20"]
[Round "1"]
[White "Stevep84"]
[Black "Blackpool"]
[WhiteElo "2160"]
[BlackElo "1720"]
[Result "0-1"]
[Round "1"]
1.d4 f5
2.g3 Ng8f6
3.Bf1g2 d5
4.Ng1f3 e6
5.O-O Bf8d6
6.Nb1c3 c6
7.Bc1g5 O-O
8.Qd1d2 Qd8a5
9.Bg5f4 Bd6b4
10.a3 Bb4xc3
11.bxc3 Nf6e4
12.Qd2e1 Qa5xc3
13.Qe1c1 Nb8d7
14.Rf1d1 Nd7f6
15.Nf3e5 Qc3a5
16.f3 Ne4c3
17.Bg2f1 Nc3xd1
18.Qc1xd1 Nf6d7
19.Bf4d2 Qa5c7
20.Bd2f4 Nd7xe5
21.Bf4xe5 Qc7e7
22.e3 Bc8d7
23.Ra1b1 b6
24.a4 Bd7e8
25.c3 Be8g6
26.Rb1b2 c5
27.Rb2g2 Ra8c8
28.Qd1e1 cxd4
29.exd4 Qe7a3
30.Bf1b5 Rc8xc3
31.Qe1e2 Rf8c8
32.Be5f4 Qa3a1
33.Qe2f1 Rc3c1
34.Bf4xc1 Rc8xc1
35.Rg2f2 Rc1xf1
36.Rf2xf1 Qa1xd4
37.Kh1 h5
38.f4 Qd4e4
39.Kg1 d4
40.Rf1d1 h4
41.Bb5d3 Qe4e3
42.Kg2 Bg6h5
43.Bd3xf5 Bh5xd1
{ resign }
0-1

[Event "Match"]
[Site "www.echecsemail.com"]
[Date "2015.01.20"]
[Round "1"]
[White "Harrytheking"]
[Black "Drdoom"]
[WhiteElo "1730"]
[BlackElo "1720"]
[Result "1-0"]
[Round "1"]
1.c4 e5
2.e4 Ng8f6
3.d3 h6
4.Ng1f3 d6
5.h3 c5
6.Nb1c3 Nb8c6
7.a3 Qd8a5
8.Bc1d2 Bf8e7
9.Nc3d5 Qa5d8
10.Bd2c3 b6
11.Nd5xe7 Qd8xe7
12.Bf1e2 O-O
13.b3 Bc8b7
14.O-O a6
15.b4 Rf8d8
16.b5 Nc6b8
17.a4 axb5
18.cxb5 Qe7e6
19.Nf3h2 d5
20.exd5 Bb7xd5
21.Nh2g4 Nb8d7
22.Be2f3 e4
23.dxe4 Nf6xe4
24.Rf1e1 Qe6f5
25.Ng4e3 Ne4xc3
26.Ne3xf5 Nc3xd1
27.Bf3xd5 Nd1c3
28.Bd5xa8 Rd8xa8
29.Nf5e7 Kf8
30.Re1e3 Nc3xa4
31.Ne7c6 Nd7f6
32.Nc6e5 Nf6e8
33.Ne5c4 Ne8c7
34.Ra1d1 Nc7xb5
35.Nc4d6 Nb5d4
36.g4 Ra8d8
37.Rd1a1 Rd8xd6
38.Ra1xa4 f6
39.f4 f5
40.g5 hxg5
41.fxg5 g6
42.Ra4a7 Nd4e6
43.Ra7a8 Kf7
44.h4 b5
45.Re3a3 Ke7
46.Ra8h8 b4
47.Ra3a7 Rd6d7
48.Rh8h7 Kd6
49.Rh7xd7 Kc6
50.Rd7e7 Ne6d4
51.Re7g7 b3
52.Rg7xg6 Kd5
53.Ra7b7 c4
54.Rb7d7 Ke4
55.Rd7e7 Kf4
56.h5 b2
57.Rg6b6 c3
58.Re7c7 Nd4f3
59.Kf2 Nf3d2
60.Rc7xc3 b1Q
61.Rb6xb1 Nd2xb1
62.Rc3g3 Nb1d2
63.Rg3g2 Nd2e4
64.Ke2 Ne4xg5
65.h6 Ng5f7
66.h7 Ke5
67.Rg2g7 Kf6
68.Rg7xf7 Kxf7
69.h8Q { resign }
1-0

[Event "Match"]
[Site "www.echecsemail.com"]
[Date "2015.01.20"]
[Round "1"]
[White "Pembertonia"]
[Black "Pariolinius"]
[WhiteElo "1499"]
[BlackElo "1750"]
[Result "0-1"]
[Round "1"]
1.e3 e5
2.Ng1f3 e4
3.Nf3d4 Ng8f6
4.c3 d5
5.Nb1a3 a6
6.h3 Bf8d6
7.g3 c5
8.Nd4c2 Nb8c6
9.h4 O-O
10.Bf1h3 Nc6e5
11.f4 Ne5f3
12.Kf2 Bc8xh3
13.Rh1xh3 Nf6g4
14.Kg2 Qd8d7
15.Nc2e1 Nf3xe1
16.Qd1xe1 b5
17.h5 a5
18.h6 Ng4xh6
19.Qe1e2 c4
20.Rh3h5 Bd6xa3
21.bxa3 Nh6g4
22.Rh5g5 Ng4f6
23.f5 h6
24.Rg5g4 Nf6xg4
25.Qe2xg4 Ra8a6
26.Bc1b2 Ra6g6
27.Qg4h3 Rg6g5
28.Ra1f1 a4
29.Bb2c1 Rf8e8
30.d4 cxd3
31.c4 dxc4
32.Bc1d2 Qd7d6
33.Bd2c1 c3
34.Rf1f2 d2
{ resign }
0-1

[Event "Match"]
[Site "www.echecsemail.com"]
[Date "2015.01.20"]
[Round "1"]
[White "Muller42"]
[Black "Whitekknight"]
[WhiteElo "1809"]
[BlackElo "1890"]
[Result "1-0"]
[Round "1"]
1.e4 e5
2.Ng1f3 d6
3.Bf1c4 h6
4.d4 exd4
5.Qd1xd4 Nb8c6
6.Qd4e3 Ng8f6
7.O-O Bf8e7
8.Nb1c3 Nf6g4
9.Qe3e2 O-O
10.h3 Ng4e5
11.Nf3xe5 dxe5
12.Bc1e3 Nc6d4
13.Qe2d1 c6
14.a4 a5
15.Nc3e2 Nd4xe2
16.Qd1xe2 Qd8c7
17.Ra1d1 b6
18.f4 Be7f6
19.f5 Kh7
20.Qe2h5 Qc7e7
21.b3 Bc8a6
22.Qh5e2 Ba6xc4
23.Qe2xc4 Ra8c8
24.Be3xb6 Rc8a8
25.Bb6c5 Qe7c7
26.Bc5xf8 Ra8xf8
27.Rd1d3 Kh8
28.Rf1d1 Rf8d8
29.Qc4c5 Bf6e7
30.Rd3xd8 Be7xd8
31.Qc5f8 Kh7
32.Rd1xd8 { resign }
1-0

[Event "Match"]
[Site "www.echecsemail.com"]
[Date "2015.01.20"]
[Round "1"]
[White "Nestor"]
[Black "Cardiff"]
[WhiteElo "2050"]
[BlackElo "1950"]
[Result "1-0"]
[Round "1"]
1.e4 e5
2.Nb1c3 Ng8f6
3.Bf1c4 Nb8c6
4.d3 Bf8e7
5.Ng1e2 d6
6.O-O O-O
7.Ne2g3 Nc6d4
8.Ng3h5 Nf6xh5
9.Qd1xh5 Nd4xc2
10.Ra1b1 Nc2d4
11.f4 exf4
12.Bc1xf4 Be7f6
13.Nc3d5 Bf6e5
14.Bf4g5 { resign }
1-0

[Event "Match"]
[Site "www.echecsemail.com"]
[Date "2015.01.20"]
[Round "1"]
[White "Fred"]
[Black "Dominiquer"]
[WhiteElo "1980"]
[BlackElo "1830"]
[Result "0-1"]
[Round "1"]
1.e4 e5
2.f4 exf4
3.Ng1f3 g5
4.d4 g4
5.Nf3e5 Qd8h4
6.Ke2 d6
7.Ne5xf7 f3
8.Kd3 Kxf7
9.gxf3 gxf3
10.Qd1xf3 Ke8
11.Bf1e2 Bc8e6
12.Rh1f1 Bf8e7
13.Bc1f4 Kd8
14.Bf4g3 Qh4h3
15.Nb1d2 Nb8c6
16.c3 Ng8f6
17.Kc2 Be6g4
18.Qf3f2 Rh8f8
19.Qf2e3 Bg4xe2
20.Qe3xe2 Nf6h5
21.Rf1xf8 Be7xf8
22.Ra1f1 Nh5xg3
23.Qe2f3 Bf8e7
24.hxg3 Qh3h6
25.Qf3f5 Qh6g6
26.g4 Qg6xf5
27.exf5 Kd7
28.f6 Be7f8
29.Rf1e1 Ra8e8
30.Nd2e4 d5
31.Ne4c5 Bf8xc5
32.Re1xe8 Kxe8
33.dxc5 h6
34.Kd3 Nc6e5
35.Kd4 Ne5xg4
36.f7 Kxf7
37.Kxd5 Ng4f6
38.Ke5 Kg6
39.b4 h5
40.Kf4 Nf6d5
{ resign }
0-1

[Event "Match"]
[Site "www.echecsemail.com"]
[Date "2015.01.20"]
[Round "1"]
[White "Ostapbender"]
[Black "Apoorva"]
[WhiteElo "2620"]
[BlackElo "2160"]
[Result "1-0"]
[Round "1"]
1.Ng1f3 Ng8f6
2.c4 e6
3.g3 d5
4.d4 dxc4
5.Bf1g2 c6
6.O-O Qd8c7
7.Bc1f4 Bf8d6
8.Bf4xd6 Qc7xd6
9.Nf3e5 Nb8d7
10.Ne5xc4 Qd6b4
11.Nb1d2 O-O
12.e4 b5
13.a3 Qb4e7
14.Nc4a5 Nd7b8
15.e5 Nf6d5
16.Nd2e4 Bc8d7
17.Ra1c1 Rf8c8
18.Qd1d3 Nb8a6
19.b4 f6
20.f4 Rc8c7
21.Rf1f2 Nd5b6
22.Rf2c2 Nb6c4
23.Na5xc4 bxc4
24.Qd3xc4 { resign }
1-0

[Event "Match"]
[Site "www.echecsemail.com"]
[Date "2015.01.20"]
[Round "1"]
[White "Germancho95"]
[Black "Mrmoto"]
[WhiteElo "1460"]
[BlackElo "1580"]
[Result "1-0"]
[Round "1"]
1.d4 d5
2.e3 e6
3.Bf1b5 c6
4.Bb5a4 b5
5.Ba4b3 Bf8d6
6.Ng1f3 h6
7.a3 Ng8f6
8.Bb3a2 Bc8a6
9.b4 O-O
10.Nb1c3 Ba6c8
11.h3 a5
12.Ra1b1 Nb8a6
13.O-O Qd8c7
14.Rf1e1 Nf6e4
15.Nc3xe4 dxe4
16.Nf3e5 Bd6xe5
17.dxe5 Qc7xe5
18.Bc1b2 Qe5c7
19.Qd1d4 f6
20.Qd4xe4 Qc7e7
21.c4 Bc8b7
22.Qe4f3 Na6c7
23.c5 axb4
24.Rb1c1 bxa3
25.Bb2a1 Ra8b8
26.e4 Kh8
27.e5 fxe5
28.Qf3d3 Rb8a8
29.Re1xe5 Bb7c8
30.Ba2b1 Qe7g5
31.Qd3h7 { resign }
1-0

[Event "Match"]
[Site "www.echecsemail.com"]
[Date "2015.01.20"]
[Round "1"]
[White "Wwgia"]
[Black "Nozal"]
[WhiteElo "2120"]
[BlackElo "1850"]
[Result "0-1"]
[Round "1"]
1.d4 d5
2.c4 c6
3.Nb1c3 e6
4.Ng1f3 dxc4
5.e3 b5
6.a4 a5
7.axb5 Bf8b4
8.Bf1xc4 Bc8d7
9.bxc6 Nb8xc6
10.O-O Ng8f6
11.Qd1e2 O-O
12.Rf1d1 Bb4d6
13.e4 e5
14.dxe5 Bd6xe5
15.Bc1g5 Qd8c7
16.Bg5xf6 Be5xf6
17.Nc3d5 Qc7a7
18.Nd5xf6 gxf6
19.Nf3h4 Nc6e5
20.Bc4b3 Bd7g4
21.Qe2d2 Bg4xd1
22.Qd2xd1 Qa7b7
23.Bb3d5 Qb7xb2
24.Ra1b1 Qb2a3
25.Qd1h5 Ra8c8
26.h3 Rc8c1
27.Rb1xc1 Qa3xc1
28.Kh2 Qc1f4
29.Kg1 Rf8c8
{ resign }
0-1